000 00465nam a22001337a 4500
003 OSt
082 _aNAI
100 _aSuma Nair
245 _aDevelopment of a bund strengthening implement for paddy wetlands based on soil-machine parameters
260 _aTavanur :
_bDepartment of Farm Machinery and Power Engineering,
_c2018
700 _aRamachanran, V R (guide)
_94018
856 _uhttps://drive.google.com/open?id=1TFLNpTdFLabOphyqhSPLm6quw5nY7QnH
942 _cTH
999 _c15542
_d15542